La cadena de suministro / (Record no. 218383)
[ view plain ]
| 000 -CABECERA | |
|---|---|
| campo de control de longitud fija | 01049 a2200289 4500 |
| 003 - IDENTIFICADOR DEL NÚMERO DE CONTROL | |
| campo de control | OSt |
| 005 - FECHA Y HORA DE LA ÚLTIMA TRANSACCIÓN | |
| campo de control | 20230829140556.0 |
| 008 - DATOS DE LONGITUD FIJA--INFORMACIÓN GENERAL | |
| campo de control de longitud fija | 230218s2017 mx ad||f |||| 001 0 spa d |
| 020 ## - NÚMERO INTERNACIONAL ESTÁNDAR DEL LIBRO | |
| Número Internacional Estándar del Libro | 9786076229347 |
| 040 ## - FUENTE DE LA CATALOGACIÓN | |
| Centro/agencia transcriptor | CHAP |
| 082 00 - NÚMERO DE LA CLASIFICACIÓN DECIMAL DEWEY | |
| Número de edición | 22 |
| Número de clasificación | 658.7882 |
| Número de documento/Ítem | C12 2017 |
| 245 03 - MENCIÓN DE TÍTULO | |
| Título | La cadena de suministro / |
| Mención de responsabilidad, etc. | coordinado por Federico Sabrià; con la colaboración de Arturo T. de Zan, Aurelia Fernández y Juan Carlos Pascual |
| 250 ## - MENCIÓN DE EDICIÓN | |
| Mención de edición | Tercera edición |
| 264 ## - PRODUCCIÓN, PUBLICACIÓN, DISTRIBUCIÓN, FABRICACIÓN Y COPYRIGHT | |
| Producción, publicación, distribución, fabricación y copyright | México: |
| Nombre del de productor, editor, distribuidor, fabricante | Alfaomega, |
| Fecha de producción, publicación, distribución, fabricación o copyright | 2017. |
| 300 ## - DESCRIPCIÓN FÍSICA | |
| Extensión | 208 páginas: |
| Otras características físicas | Ilustraciones, cuadros, gráficas, tablas |
| 490 1# - MENCIÓN DE SERIE | |
| Mención de serie | Administración. |
| 504 ## - NOTA DE BIBLIOGRAFÍA, ETC. | |
| Nota de bibliografía, etc. | Incluye índice y bibliografía |
| 650 #4 - PUNTO DE ACCESO ADICIONAL DE MATERIA--TÉRMINO DE MATERIA | |
| 9 (RLIN) | 931 |
| Término de materia o nombre geográfico como elemento de entrada | Administración industrial |
| 650 #4 - PUNTO DE ACCESO ADICIONAL DE MATERIA--TÉRMINO DE MATERIA | |
| 9 (RLIN) | 126460 |
| Término de materia o nombre geográfico como elemento de entrada | Administración de la producción |
| 650 #4 - PUNTO DE ACCESO ADICIONAL DE MATERIA--TÉRMINO DE MATERIA | |
| 9 (RLIN) | 163546 |
| Término de materia o nombre geográfico como elemento de entrada | Logística en los negocios |
| 700 1# - PUNTO DE ACCESO ADICIONAL--NOMBRE DE PERSONA | |
| 9 (RLIN) | 187814 |
| Nombre de persona | Sabrià, Federico |
| 700 1# - PUNTO DE ACCESO ADICIONAL--NOMBRE DE PERSONA | |
| 9 (RLIN) | 187815 |
| Nombre de persona | De Zan, Arturo T. |
| 700 1# - PUNTO DE ACCESO ADICIONAL--NOMBRE DE PERSONA | |
| 9 (RLIN) | 187816 |
| Nombre de persona | Fernández, Aurelia |
| 700 1# - PUNTO DE ACCESO ADICIONAL--NOMBRE DE PERSONA | |
| 9 (RLIN) | 187817 |
| Nombre de persona | Pascual, Juan Carlos |
| 830 ## - PUNTO DE ACCESO ADICIONAL DE SERIE-TÍTULO UNIFORME | |
| 9 (RLIN) | 187786 |
| Título uniforme | Administración. |
| Nombre de parte o sección de la obra | Logística. |
| 942 ## - ELEMENTOS DE PUNTO DE ACCESO ADICIONAL (KOHA) | |
| Tipo de ítem Koha | |
| Fuente del sistema de clasificación o colocación | Dewey Decimal Classification |
| Estado de retiro | Estado de pérdida | Fuente del sistema de clasificación o colocación | Estado dañado | Restricciones de uso | No para préstamo | Código de colección | Localización permanente | Ubicación/localización actual | Ubicación en estantería | Fecha de adquisición | Total de préstamos | Signatura topográfica completa | Código de barras | Fecha visto por última vez | Precio válido a partir de | Tipo de ítem Koha | Número de copia |
|---|---|---|---|---|---|---|---|---|---|---|---|---|---|---|---|---|---|
| Dewey Decimal Classification | Préstamo 15 días | General | Biblioteca Central | Biblioteca Central | Planta principal - Colección General | 29/08/2023 | 658.7882 C12 2017 | 33724002579397 | 29/08/2023 | 29/08/2023 | Libro | ||||||
| Dewey Decimal Classification | Préstamo 15 días | General | Biblioteca Central | Biblioteca Central | Planta principal - Colección General | 29/08/2023 | 658.7882 C12 2017 | 33724002579355 | 29/08/2023 | 29/08/2023 | Libro | c.2 |
